Responses for Show #4075 - Friday, April 26, 2002

Contestants

[<< previous game]

Jonathan Cole, a practice support coordinator originally from Port Chester, New York

Christina Kim, a production coordinator from Los Angeles, California

Ben Sternberg, an investment banker from San Francisco, California (whose 1-day cash winnings total $21,200)

[next game >>]

Jeopardy! Round responses

THE 5:00 NEWS
TV ACTORS & ROLES
"C" FOOD
(Alex: Food that starts with the letter C.)
CITY SITES
THIS CATEGORY BUGS ME!
THIS IS C_NN_
(Alex: Each correct response will begin with the letter C. There will be some other letters in there, but at some point in the correct response there will be two "N"s as well.)
    $200 12
(Jonathan: What is the space station?)

the Hubble Telescope

BenJonathan
    $200 11
The Sopranos

Jonathan
    $200 6
(Jonathan: What is a carrot?)

cauliflower

BenJonathan
    $200 1
Chicago

Christina
    $200 26
a Goliath beetle

Jonathan
    $200 17
crannies

Jonathan
    $400 18
Gaddafi

Ben
    $400 13
a crime scene investigator

Ben
    $400 7
a caper

Triple Stumper
    $400 2
London

Ben
    $400 27
ants

Christina
    $400 22
channel

Jonathan
    $600 19
Attica

Jonathan
    $600 14
Providence

Christina
    $1,000 8
Creole (Cajun)

Ben
    $600 3
Athens

Christina
    $600 28
a silverfish

Ben
    $600 23
connect them

Ben
    $800 20
Hungary

Ben
    $800 15
3rd Rock from the Sun

Ben
    $800 9
cannellini

Jonathan
    $800 4
Denver

Jonathan
    $800 29
a zebra

Ben
    $800 24
cayenne

Triple Stumper
    $1000 21
(John) Dean

Ben
    $1000 16
Vic Morrow

Triple Stumper
    $1000 10
croque-monsieur

Christina
    $1000 5
Boston

Jonathan
    $1000 30
(Christina: What are antennae?)

the legs

Christina
Triple Stumper
    $1000 25
cannibalize

Christina

Scores at the first commercial break (after clue 16):

Ben Christina Jonathan
$3,000 $2,400 $2,400

Scores at the end of the Jeopardy! Round:

Ben Christina Jonathan
$7,200 $2,800 $3,800

Double Jeopardy! Round responses

LITERARY LUSHES
MUSIC MAKERS
DOWN TO EARTH
LONG LIVE THE ENGLISH KING OR QUEEN!
MAKE MINE RARE
WITH "OUT" END
(Alex: "OUT" will be the three letters ending each correct response.)
    $400 11
James Bond

Ben
    $400 18
a banjo

Jonathan
    $400 17
continents

Jonathan
    $400 16
(Jonathan: Who is James?)

(1 of) Henry (or Edward)

ChristinaJonathan
    $400 6
Australia

Jonathan
    $400 1
a bout

Ben
    $800 12
Jack Kerouac

Christina
    $800 19
a harmonica

Christina
    $800 23
sedimentary

Ben
    $800 21
"Bloody Mary"

Jonathan
    $800 7
a goose

Jonathan
    $800 2
(Christina: What is trout?)

rout

ChristinaJonathan
    $1200 13
O'Neill

Jonathan
    $1200 20
a (double) bass

Ben
    $1200 28
a tide

Jonathan
    $1200 24
the Vikings

Ben
    $1200 8
the emerald

Triple Stumper
    $1200 3
devout

Ben
    $1600 14
"The Cask of Amontillado"

Ben
    $1600 22
(Jonathan: What's the dulcinetta?)
(Ben: What's the dulcinet?)

a dulcimer

BenJonathan
Triple Stumper
    $1600 29
longitude

Christina
    $1600 25
(Christina: Who is Mary, Queen of Scots?)
...
(Alex: Minute to go now.)

Elizabeth (I)

BenChristina
    $1600 9
the elm

Ben
    $1600 4
a snout

Christina
    $2000 15
Sir Toby Belch

Triple Stumper
    $2000 27
a fife

Ben
    $2000 30
Van Allen

Ben
    $2000 26
(Ben: Who is Charles?)

James II

Ben
Triple Stumper
    $2,600 10
(Ben: What's pulanium?)

polonium

Ben
    $2,000 5
clout

Christina

Scores at the end of the Double Jeopardy! Round:

Ben Christina Jonathan
$15,000 $7,600 $7,800

[wagering suggestions for these scores]

Final Jeopardy! Round responses

BIG RIVERS
ChristinaWhat are the Colorado and the Hudson?
$7,400
JonathanWhat are Rio Grande & Colorado?
$7,401
BenWhat are the Colorado & Columbia?
$5,000
(2 of) Colorado, Rio Grande, Columbia, or Snake

Final scores:

Ben Christina Jonathan
$20,000 $200 $15,201
2-day champion: $41,200 3rd place: trip to Kauai by Yahoo! Travel 2nd place: trip to Bahamas & stay at Breezes Resort

Game dynamics:

Coryat scores:

Ben Christina Jonathan
$17,200 $7,600 $7,800
23 R
(including 1 DD),
3 W
(including 1 DD)
12 R
(including 1 DD),
3 W
16 R,
4 W

Combined Coryat: $32,600

[game clues] [game scores] [suggest correction]

Game tape date: 2002-01-15
The J! Archive is created by fans, for fans. Scraping, republication, monetization, and malicious use prohibited; this site may use cookies and collect identifying information. See terms. The Jeopardy! game show and all elements thereof, including but not limited to copyright and trademark thereto, are the property of Jeopardy Productions, Inc. and are protected under law. This website is not affiliated with, sponsored by, or operated by Jeopardy Productions, Inc. Join the discussion at JBoard.tv.